Score 0/20 Timer 04:00
0 Plays Today
Hint Answer % Correct
NewYear's
95.1%
FirstDates
93.3%
FirstAmerica
92.5%
FullMetal
92%
LastSummer
91%
NewTwilight
90.7%
FullAngels
90.1%
NewGroove
86.3%
LastSave
85%
NewGangs
80.6%
Hint Answer % Correct
LastMohicans
79.6%
FullMonty
77.6%
FirstBlood
73.9%
NewYork
73%
LastScotland
69.6%
LastHouse
69.6%
FirstX-Men
61.5%
FullPaid
49.9%
FirstContact
39.8%
FullIt
15.4%

Today's Daily Dose

Remove Ads.
Support Sporcle.
Get the best of Sporcle when you Go Orange. This ad-free experience offers more features, more stats, and more fun while also helping to support Sporcle. Thank you for becoming a member.

You're not logged in!

Compare scores with friends on all Sporcle quizzes.
OR
Log In

Show Comments

Extras

Top Quizzes Today


Score Distribution

Your Account Isn't Verified!

In order to create a playlist on Sporcle, you need to verify the email address you used during registration. Go to your Sporcle Settings to finish the process.

Report this User

Report this user for behavior that violates our Community Guidelines.

Details: